al mutaqadat wa al ada al tilqa fi mawalid al awliya wa al qiddisin
محفوظ في:
المؤلف الرئيسي:
التنسيق: كتاب
اللغة: Undetermined
منشور في:
Cairo
2007
الموضوعات:
الوسوم: إضافة وسم
لا توجد وسوم, كن أول من يضع وسما على هذه التسجيلة!
رقم الطلب: GR355.2.D38.G48 V.1-2
| LEADER | 00836nam a2200205Ia 4500 | ||
|---|---|---|---|
| 005 | 20240305073225.0 | ||
| 008 | 230909s9999||||xx |||||||||||||| ||und|| | ||
| 952 | |0 0 |1 0 |2 lcc |3 V.1 |4 0 |6 GR03552 D38 G48 |7 1 |9 49961 |a ARCE |b ARCE |d 2023-09-09 |l 0 |o GR355.2.D38.G48 |p 1027793 |r 2023-09-09 00:00:00 |w 2023-09-09 |y BK | ||
| 952 | |0 0 |1 0 |2 lcc |3 V.2 |4 0 |6 GR03552 D38 G48 |7 1 |9 64033 |a ARCE |b ARCE |d 2024-03-05 |l 0 |o GR355.2.D38.G48 |p 1027794 |r 2024-03-05 00:00:00 |w 2024-03-05 |y BK | ||
| 999 | |c 54584 |d 54584 | ||
| 050 | 4 | |a GR355.2.D38.G48 V.1-2 | |
| 100 | 1 | |a Ghunaym,muhammad Ahmed Abd al Raziq | |
| 245 | 1 | 0 | |a al mutaqadat wa al ada al tilqa fi mawalid al awliya wa al qiddisin |
| 264 | 1 | |a Cairo |c 2007 | |
| 300 | |c 24cm | ||
| 336 | |2 rdacontent |a text |b txt | ||
| 337 | |2 rdamedia |a unmediated |b n | ||
| 338 | |2 rdacarrier |a volume |b n | ||
| 650 | 4 | |a muslim saints | |
| 942 | |2 lcc |c BK | ||
